| 000 | 01111cam a2200301 a 4500 | ||
|---|---|---|---|
| 001 | 15160172 | ||
| 005 | 20170105102410.0 | ||
| 008 | 080129s2008 nyu b 000 0 eng | ||
| 010 | _a 2008921931 | ||
| 020 | _a9781402082238 | ||
| 040 |
_aDLC _cDLC _dDLC |
||
| 050 | 0 | 0 |
_aLC196 _b.K555 2008 |
| 082 | 0 | 0 |
_a300.1 KIN _222 |
| 100 | 1 | _aKincheloe, Joe L. | |
| 245 | 1 | 0 |
_aKnowledge and critical pedagogy: An introduction _cJoe L. Kincheloe |
| 260 |
_aNew York : _bSpringer, _c2008. |
||
| 300 |
_axvii, 275 p. ; _c24 cm. |
||
| 490 | 0 | _aExplorations of educational purpose ; v.1 | |
| 504 | _aIncludes bibliographical references (p. 255-265) and index. | ||
| 650 | 0 | _aCritical pedagogy. | |
| 650 | 0 | _aKnowledge, Sociology of. | |
| 650 | 0 | _aSocial epistemology. | |
| 856 | 4 | 2 |
_3Publisher description _uhttp://www.loc.gov/catdir/enhancements/fy1312/2008921931-d.html |
| 856 | 4 | 1 |
_3Table of contents only _uhttp://www.loc.gov/catdir/enhancements/fy1312/2008921931-t.html |
| 906 |
_a7 _bcbc _corignew _d2 _eepcn _f20 _gy-gencatlg |
||
| 942 |
_2ddc _cBK |
||
| 999 |
_c12878 _d12878 |
||